Manufactura de categoria mundial (Registro nro. 6225)

Detalles MARC
000 -LEADER
fixed length control field 01235 a2200217 4500
001 - CONTROL NUMBER
control field 57698
005 - DATE AND TIME OF LATEST TRANSACTION
control field 20260407155836.0
008 - FIXED-LENGTH DATA ELEMENTS--GENERAL INFORMATION
fixed length control field 260407a1989 arg spa d
003 - CONTROL NUMBER IDENTIFIER
control field AR-UNSa-BCEJYS
040 ## - CATALOGING SOURCE
Original cataloging agency AR-UNSa-BCEJYS
Language of cataloging spa
Transcribing agency AR-UNSa-BCEJYS
080 ## - UNIVERSAL DECIMAL CLASSIFICATION NUMBER
Universal Decimal Classification number 658.5
Common auxiliary subdivision Planificación y control de la producción<br/>
020 ## - INTERNATIONAL STANDARD BOOK NUMBER
International Standard Book Number 958-04-0800-9
041 ## - LANGUAGE CODE
Language code of text/sound track or separate title spa
100 1# - MAIN ENTRY--PERSONAL NAME
Personal name Schonberger, Richard J.
245 10 - TITLE STATEMENT
Title Manufactura de categoria mundial
Name of part/section of a work aplicación de las últimas técnicas para optimizar la producción
264 #1 - PRODUCTION, PUBLICATION, DISTRIBUTION, MANUFACTURE, AND COPYRIGHT NOTICE
Place of production, publication, distribution, manufacture Bogotá :
Name of producer, publisher, distributor, manufacturer Grupo Editorial Norma
Date of production, publication, distribution, manufacture, or copyright notice 1989
300 ## - PHYSICAL DESCRIPTION
Extent xi, 292 p.
Dimensions 23 cm.
505 ## - FORMATTED CONTENTS NOTE
Formatted contents note 1. Más rapido, más alto, más fuerte - 2. Operadores de línea y datos de operación - 3. Los funcionarios como actores secundarios - 4. Sobreestimación del papel del capital ( automatización en cámara lenta) - 5. La economía de multiplos - 6. Centro de responsabilidad - 7. Enfoque sobre la calidad - 8. La influencia del diseño - 9. Socios en las ganancias: proveedores, transportadores, clientes - 10. Modelos sencillos, sistemas sencillos - 11. Cómo dirigir la transformación - 12. Capacitación: el catalizador - 13. La estrategia revelada
590 ## - LOCAL NOTE (RLIN)
Local note niveau_biblio:m niveau_hierar:0
942 ## - ADDED ENTRY ELEMENTS (KOHA)
Koha item type
Existencias
Withdrawn status Lost status Damaged status Not for loan Home library Current library Shelving location Date acquired Total checkouts Full call number Barcode Date last seen Price effective from Koha item type
        Biblioteca Prof. Eusebio Cleto del Rey Biblioteca Prof. Eusebio Cleto del Rey   07/04/2026   658.5 S371 L65219 07/04/2026 07/04/2026 Libro
        Biblioteca Prof. Eusebio Cleto del Rey Biblioteca Prof. Eusebio Cleto del Rey   07/04/2026   658.5 S371 L65221 07/04/2026 07/04/2026 Libro
        Biblioteca Prof. Eusebio Cleto del Rey Biblioteca Prof. Eusebio Cleto del Rey   07/04/2026   658.5 S371 L65223 07/04/2026 07/04/2026 Libro
        Biblioteca Prof. Eusebio Cleto del Rey Biblioteca Prof. Eusebio Cleto del Rey   07/04/2026   658.5 S371 L65222 07/04/2026 07/04/2026 Libro
        Biblioteca Prof. Eusebio Cleto del Rey Biblioteca Prof. Eusebio Cleto del Rey   07/04/2026   658.5 S371 L65220 07/04/2026 07/04/2026 Libro